Homiletics: (Record no. 11535)

000 -LEADER
fixed length control field 00672nam a2200193 a 4500
001 - CONTROL NUMBER
control field :::00009334$&:&@@
003 - CONTROL NUMBER IDENTIFIER
control field OkBaRHE
005 - DATE AND TIME OF LATEST TRANSACTION
control field 20000607103350.0
008 - FIXED-LENGTH DATA ELEMENTS--GENERAL INFORMATION
fixed length control field s1944 j 000 0 eng u
040 ## - CATALOGING SOURCE
Transcribing agency
100 1# - MAIN ENTRY--PERSONAL NAME
Personal name Reu, M.
245 10 - TITLE STATEMENT
Title Homiletics:
Remainder of title a manual of the theory and pratice of preaching.
260 ## - PUBLICATION, DISTRIBUTION, ETC. (IMPRINT)
Place of publication, distribution, etc Columbus, OH., :
Name of publisher, distributor, etc The Lutheran Book Concern
Date of publication, distribution, etc 1944
300 ## - PHYSICAL DESCRIPTION
Extent 637 p.
650 ## - SUBJECT ADDED ENTRY--TOPICAL TERM
Topical term or geographic name as entry element Preaching Sermon Preparation
942 ## - ADDED ENTRY ELEMENTS (KOHA)
Source of classification or shelving scheme
Koha item type Books
Copies
Not for loan Lost status Date last seen Withdrawn status Shelving location Copy number Source of classification or shelving scheme Price effective from Barcode Koha item type Date acquired Damaged status Permanent Location Full call number
  2010-04-14 General Stacks1 2010-04-149334Books2010-04-14 RHEMA Bible Training CollegeBV 4211 .R49
  2010-04-14 General Stacks2 2010-04-1415567Books2010-04-14 RHEMA Bible Training CollegeBV 4211 .R49